MARC

Tag First Indicator Second Indicator Subfields
LEADER 00000cam a22000001a 4500
001 in00003255052
006 m d f
007 cr bn mmmapmmp
008 091024s1996 dcua o f000 0 eng d
005 20260511184847.8
035 |a cis2007465894 
040 |a UMI  |c UMI  |d UtOrBLW 
043 |a n-us--- 
074 |a 1011 
074 |a 1011-A (MF) 
086 0 |a Y 4.AP 6/1:F 76/6/997/PT.1- 
099 |a HRG-1996-HAP-0030 
099 |a HRG-1996-HAP-0031 
099 |a HRG-1996-HAP-0033 
099 |a HRG-1996-HAP-0034 
110 1 |a United States.  |b Congress.  |b House.  |b Committee on Appropriations.  |b Subcommittee on Foreign Operations, Export Financing, and Related Programs. 
245 1 0 |a Foreign Operations, Export Financing, and related programs appropriations for 1997 and supplemental for 1996 :  |b hearings before a subcommittee of the Committee on Appropriations, House of Representatives, One Hundred Fourth Congress, second session /  |c Subcommittee on Foreign Operations, Export Financing, and Related Programs. 
264 1 |a Washington :  |b U.S. G.P.O. :  |b [Supt. of Docs., U.S. G.P.O., Congressional Sales Office],  |c 1996. 
300 |a 1 online resource. 
336 |a text  |b txt  |2 rdacontent 
337 |a computer  |b c  |2 rdamedia 
338 |a online resource  |b cr  |2 rdacarrier 
500 |a Record is based on bibliographic data in ProQuest Congressional Hearings Digital Collection. Reuse except for individual research requires license from ProQuest, LLC. 
505 1 |a pt. 1. Jordan arms transfers ... -- pt. 2. Secretary of State ... -- pt. 3. Administrator, Agency for International Development ... -- pt. 4. Testimony of members of Congress and other interested individuals and organizations. 
538 |a System requirements: PDF reader software. 
500 |a Electronic resource. 
650 0 |a Military assistance, American. 
650 0 |a Economic assistance, American. 
650 0 |a Export credit  |z United States. 
651 0 |a United States  |x Appropriations and expenditures, 1996. 
651 0 |a United States  |x Appropriations and expenditures, 1997. 
655 7 |a Electronic books.  |2 local 
710 2 |a ProQuest (Firm) 
776 0 8 |i Print version:  |a United States. Congress. House. Committee on Appropriations. Subcommittee on Foreign Operations, Export Financing, and Related Programs.  |t Foreign Operations, Export Financing, and related programs appropriations for 1997 and supplemental for 1996  |w gp 96073691  |w (OCoLC)34998320 
776 0 8 |i Microfiche version:  |a United States. Congress. House. Committee on Appropriations. Subcommittee on Foreign Operations, Export Financing, and Related Programs.  |t Foreign Operations, Export Financing, and related programs appropriations for 1997 and supplemental for 1996 .  |d [Bethesda, Md.] : ProQuest,[2004]  |o CIS 96 H181-38 (pt.1)  |o CIS 96 H181-39 (pt.2)  |o CIS 96 H181-40 (pt.3)  |o CIS 96 H181-41 (pt.4)  |w (ProQuest)cis09600065 
830 0 |a U.S. Congressional Hearings. 
856 4 0 |u http://proxy.library.tamu.edu/login?url=https://congressional.proquest.com/congcomp/getdoc?HEARING-ID=HRG-1996-HAP-0030  |z Connect to the full text of this electronic book  |t 0 
856 4 0 |u http://proxy.library.tamu.edu/login?url=https://congressional.proquest.com/congcomp/getdoc?HEARING-ID=HRG-1996-HAP-0031  |z Connect to the full text of this electronic book  |t 0 
856 4 0 |u http://proxy.library.tamu.edu/login?url=https://congressional.proquest.com/congcomp/getdoc?HEARING-ID=HRG-1996-HAP-0033  |z Connect to the full text of this electronic book  |t 0 
856 4 0 |u http://proxy.library.tamu.edu/login?url=https://congressional.proquest.com/congcomp/getdoc?HEARING-ID=HRG-1996-HAP-0034  |z Connect to the full text of this electronic book  |t 0 
998 |a cis09600065 
999 |a MARS 
999 f f |s 1e9b67af-3b29-38af-b277-2ab00bdc35ba  |i 6b3917ed-1339-3c74-9df8-38ef3c1f27d6  |t 0 
952 f f |a Texas A&M University  |b College Station  |c Electronic Resources  |s www_evans  |d Available Online  |t 0  |e HRG-1996-HAP-0034  |h Other scheme 
998 f f |a HRG-1996-HAP-0034  |t 0  |l Available Online